[Event "Open B Gorges"]
[Site "?"]
[Date "2018.07.07"]
[Round "1"]
[White "ALLARD-NEDELLEC, Guilhem"]
[Black "BRECHETEAU, Paul"]
[Result "1-0"]
[WhiteElo "1468"]
[BlackElo "1662"]
[PlyCount "101"]
[EventDate "2018.??.??"]

1. e4 c6 2. d4 d5 3. e5 Bf5 4. h4 h6 5. g4 Bd7 6. Nc3 e6 7. Be3 Qb6 8. Qd3 c5
9. Nge2 Nc6 10. f4 cxd4 11. Nxd4 Nxd4 12. Bxd4 Bc5 13. O-O-O Ne7 14. h5 Bxd4
15. Qxd4 Qxd4 16. Rxd4 Nc6 17. Rd2 a6 18. Bg2 Rc8 19. Bf3 Na5 20. g5 Rc4 21.
Ne2 Ke7 22. b3 Rc7 23. Kb2 Rhc8 24. Nd4 Nc6 25. Rc1 Nxd4 26. Rxd4 Rc3 27. Rd3
R3c5 28. gxh6 gxh6 29. f5 b5 30. f6+ Kd8 31. b4 Rc4 32. c3 Rf4 33. Rg1 Rf5 34.
Rg8+ Kc7 35. Rg7 Rf8 36. Re3 Be8 37. Bg4 Rf2+ 38. Re2 Rxe2+ 39. Bxe2 Rh8 40.
Kc2 Kb6 41. a3 Kc6 42. Kb3 Kc7 43. a4 Kb6 44. a5+ Kc6 45. Kc2 d4 46. cxd4 Kd5
47. Kd3 Kc6 48. Bf3+ Kc7 49. d5 exd5 50. Bxd5 Kb8 51. Kd4 1-0

[Event "Open B Gorges"]
[Site "?"]
[Date "2018.07.07"]
[Round "1"]
[White "RINEAU, Nathan"]
[Black "LEBEDEL, Marc"]
[Result "1-0"]
[WhiteElo "1635"]
[BlackElo "1464"]
[PlyCount "113"]

1. c4 e5 2. g3 Nf6 3. Bg2 d5 4. cxd5 Nxd5 5. Nc3 Nb6 6. Nf3 Nc6 7. a3 Be7 8. d3
Be6 9. b4 a6 10. Bb2 O-O 11. Ne4 f6 12. Rc1 Qd7 13. O-O Rfd8 14. Nfd2 Nd4 15.
Bxd4 exd4 16. Nb3 Na4 17. Qc2 f5 18. Nec5 Nxc5 19. Nxc5 Bxc5 20. bxc5 Bd5 21.
c6 bxc6 22. Bxd5+ Qxd5 23. Qxc6 Qxc6 24. Rxc6 Rd7 25. Rfc1 Ra7 26. R1c5 g6 27.
Ra5 Rd6 28. Rxd6 cxd6 29. Rd5 Rd7 30. Rxd4 Kf7 31. Kg2 Ke6 32. Kf3 Ke5 33. Ra4
Ra7 34. e4 fxe4+ 35. dxe4 Ra8 36. Ke3 Ra7 37. f4+ Ke6 38. Kd4 Ra8 39. Rb4 Ra7
40. Rb6 Kd7 41. Kd5 a5 42. Rxd6+ Ke7 43. e5 Rb7 44. Ra6 Rd7+ 45. Ke4 Kf7 46.
Rxa5 Rd2 47. h4 Rg2 48. Kf3 Rg1 49. Ra7+ Kg8 50. a4 Rf1+ 51. Kg2 Ra1 52. a5
Ra2+ 53. Kh3 h5 54. a6 Kf8 55. Ra8+ Ke7 56. a7 Ra3 57. Rh8 1-0

[Event "Open B Gorges"]
[Site "?"]
[Date "2018.07.07"]
[Round "1"]
[White "BOUCHER, Daniel"]
[Black "FACHE, Jacques"]
[Result "0-1"]
[WhiteElo "1437"]
[BlackElo "1568"]
[PlyCount "64"]

1. e4 Nf6 2. Nc3 d5 3. e5 Ne4 4. Nxe4 dxe4 5. b3 Qd4 6. c3 Qxe5 7. g3 Nc6 8.
Bg2 Bd7 9. Qc2 f5 10. Bb2 Qc5 11. Ne2 Nb4 12. Qxe4 fxe4 13. Bxe4 Nc6 14. d4 Qd6
15. O-O-O O-O-O 16. h3 g6 17. g4 Bh6+ 18. Kb1 Rhf8 19. Rdf1 e6 20. f3 Ne7 21.
c4 Bc6 22. Bxc6 Qxc6 23. d5 exd5 24. Nd4 Qb6 25. Re1 Rde8 26. Re6 Nc6 27. Rhe1
Rxe6 28. Rxe6 Qc5 29. Re1 Nxd4 30. cxd5 Nxf3 31. Rd1 Nd2+ 32. Ka1 Rf1 0-1

[Event "Open B Gorges"]
[Site "?"]
[Date "2018.07.07"]
[Round "1"]
[White "BOURDEAUX, Angèle"]
[Black "JOUSSET, Jean-Michel"]
[Result "1-0"]
[WhiteElo "1515"]
[BlackElo "1435"]
[PlyCount "81"]

1. e4 d6 2. d4 Nf6 3. Nc3 g6 4. Nf3 Bg7 5. g3 c6 6. a4 Qa5 7. Bd2 Qb6 8. h3 Na6
9. Bg2 c5 10. d5 Nb4 11. O-O Nfxd5 12. exd5 Bf5 13. Ne1 O-O 14. Rb1 Rac8 15.
Qc1 Rfe8 16. g4 Bd7 17. Bh6 Bd4 18. Nf3 Bf6 19. Re1 Qa5 20. Ra1 c4 21. Bg5 Bxg5
22. Nxg5 h6 23. Nf3 Kh7 24. Nd4 a6 25. Qf4 Kg7 26. Be4 g5 27. Nf5+ Kf8 28. Qf3
f6 29. Nxh6 Rc5 30. Bf5 Qc7 31. Bxd7 Qxd7 32. Qe4 Kg7 33. Nf5+ Kf8 34. Re2 b5
35. Rae1 Rc7 36. axb5 axb5 37. Ng3 Na6 38. Nh5 Nc5 39. Qh7 e5 40. Qh8+ Ke7 41.
Qxf6# 1-0

[Event "Open B Gorges"]
[Site "?"]
[Date "2018.07.07"]
[Round "1"]
[White "BIENFAIT, Georges"]
[Black "LE LOARER, Hervé"]
[Result "0-1"]
[WhiteElo "1409"]
[BlackElo "1511"]
[PlyCount "72"]

1. e4 d5 2. exd5 Nf6 3. Nf3 Bg4 4. Be2 Qxd5 5. Nc3 Qh5 6. O-O Nc6 7. d4 O-O-O
8. Be3 e5 9. h3 exd4 10. Nxd4 Bxe2 11. Ncxe2 Nxd4 12. Nxd4 Qe5 13. c3 Qa5 14.
Qb3 Nd5 15. Rfe1 Bc5 16. Nc2 Nxe3 17. Nxe3 Qa6 18. Qc2 g6 19. b4 Be7 20. a4 Bg5
21. b5 Qb6 22. c4 Qc5 23. Rad1 Rxd1 24. Nxd1 Rd8 25. Ne3 Rd4 26. Qe2 f5 27. Nd5
Re4 28. Ne3 Bxe3 29. fxe3 Rxc4 30. Qa2 b6 31. Qb3 Qb4 32. Qxb4 Rxb4 33. Ra1 Kb7
34. Kf2 a6 35. bxa6+ Kxa6 36. Rc1 c5 0-1

[Event "Open B Gorges"]
[Site "?"]
[Date "2018.07.07"]
[Round "1"]
[White "LE BAUT, Daniel"]
[Black "MARTINI, Lionel"]
[Result "1-0"]
[WhiteElo "1509"]
[BlackElo "1403"]
[PlyCount "84"]

1. e4 e6 2. d4 d5 3. Nc3 c5 4. exd5 exd5 5. dxc5 d4 6. Ne4 Nf6 7. Bg5 Be7 8.
Nxf6+ Bxf6 9. Bxf6 Qxf6 10. Nf3 Bg4 11. Be2 Nc6 12. O-O O-O 13. Qd2 Rfe8 14.
Rfe1 Re6 15. Bd1 Rae8 16. Rxe6 Qxe6 17. h3 Bh5 18. Kf1 Qc4+ 19. Be2 Qxc5 20.
Re1 h6 21. a3 Kf8 22. Bd3 Bxf3 23. Rxe8+ Kxe8 24. gxf3 Qh5 25. Kg2 Kf8 26. Qf4
Ne5 27. Be4 b6 28. Qf5 Qxf5 29. Bxf5 g6 30. Bd3 Nxd3 31. cxd3 Ke7 32. Kg3 f5
33. f4 Kd6 34. h4 h5 35. Kf3 Kc5 36. Ke2 b5 37. Kd2 a5 38. Kc2 b4 39. Kb3 Kb5
40. axb4 a4+ 41. Ka3 Kb6 42. Kxa4 Ka6 1-0

[Event "Open B Gorges"]
[Site "?"]
[Date "2018.07.07"]
[Round "1"]
[White "DE LAVALETTE, Philippe"]
[Black "KERVADEC, Jean"]
[Result "0-1"]
[WhiteElo "1400"]
[BlackElo "1502"]
[PlyCount "94"]

1. e4 e6 2. Nc3 d5 3. exd5 exd5 4. d4 Nf6 5. Bg5 Be7 6. Nf3 O-O 7. h3 Nc6 8.
Bb5 Bf5 9. O-O Ne4 10. Bxe7 Nxe7 11. Ne2 Ng6 12. Re1 Nh4 13. Ng3 Nxf3+ 14. Qxf3
Nxg3 15. Qxg3 Bxc2 16. Rac1 c6 17. Bxc6 bxc6 18. Rxc2 Qf6 19. Qe5 Qxe5 20. Rxe5
Rfb8 21. b3 Rb4 22. Rd2 Kf8 23. Re3 Re8 24. Rxe8+ Kxe8 25. Kf1 Ke7 26. Ke2 Kd6
27. Kd3 a5 28. Kc3 c5 29. a3 Rb7 30. Rd3 Re7 31. dxc5+ Kxc5 32. b4+ axb4+ 33.
axb4+ Kd6 34. b5 Re4 35. f3 Rc4+ 36. Kb3 Kc5 37. b6 Rb4+ 38. Kc3 Rxb6 39. g3
Re6 40. f4 f5 41. Kb3 d4 42. Kc2 Re2+ 43. Kb3 Kd5 44. Kb4 Ke4 45. Rb3 d3 46.
Kc4 Rc2+ 47. Kb5 d2 0-1

[Event "Open B Gorges"]
[Site "?"]
[Date "2018.07.07"]
[Round "1"]
[White "KOLLAR, Guillaume"]
[Black "NICOLAS, Aurore"]
[Result "1/2-1/2"]
[WhiteElo "1493"]
[BlackElo "1394"]
[PlyCount "62"]

1. e4 c5 2. Nf3 d6 3. d4 cxd4 4. Nxd4 Nf6 5. Nc3 a6 6. f3 e5 7. Nb3 Be7 8. Be3
Be6 9. Qd2 O-O 10. O-O-O Nbd7 11. f4 exf4 12. Bxf4 Ne5 13. Kb1 Qc7 14. Nd4 Nc4
15. Bxc4 Bxc4 16. Nf5 Rfe8 17. Nxe7+ Qxe7 18. Qxd6 Qxd6 19. Rxd6 Nxe4 20. Nxe4
Rxe4 21. Rhd1 h6 22. g3 Re2 23. h4 Be6 24. R1d2 Re1+ 25. Rd1 Rxd1+ 26. Rxd1 Re8
27. b3 Bf5 28. Kb2 f6 29. a4 Re2 30. Rd2 Rxd2 31. Bxd2 Kf7 1/2-1/2

[Event "Open B Gorges"]
[Site "?"]
[Date "2018.07.07"]
[Round "2"]
[White "FACHE, Jacques"]
[Black "LE BAUT, Daniel"]
[Result "0-1"]
[WhiteElo "1568"]
[BlackElo "1509"]
[PlyCount "142"]
[SourceDate "2018.07.22"]

1. e4 c5 2. Nf3 e6 3. Bc4 Qc7 4. O-O Nc6 5. c3 Nf6 6. Re1 d6 7. d3 Be7 8. Bf4
O-O 9. Nbd2 a6 10. e5 dxe5 11. Nxe5 Nxe5 12. Bxe5 Qc6 13. d4 cxd4 14. Bxd4 b5
15. Be2 Bb7 16. Bf3 Qc7 17. Bxb7 Qxb7 18. Qf3 Rab8 19. Be5 Qxf3 20. Nxf3 Rbc8
21. Rad1 Rfd8 22. Rd4 Rxd4 23. Nxd4 Nd5 24. a3 Bc5 25. Nb3 Bb6 26. Bd4 Kf8 27.
Bxb6 Nxb6 28. Nd2 Rd8 29. Ne4 Nc4 30. Rb1 Nxb2 31. Kf1 Rd1+ 32. Rxd1 Nxd1 33.
Ke2 Nb2 34. Nc5 Nc4 35. Nxa6 Nxa3 36. Nb4 Ke7 37. Nd3 Nb1 38. Nb2 Nxc3+ 39. Kd3
Nd5 40. g3 Kd6 41. f4 Kc5 42. Kd2 Nb4 43. Ke3 f6 44. Ke4 Kd6 45. Kd4 Nd5 46.
Nd3 g6 47. h4 Kc6 48. Nf2 b4 49. Kc4 Kb6 50. Ne4 Kc6 51. Kb3 Kb5 52. Nd6+ Kc6
53. Ne4 Kd7 54. Kc4 Kc6 55. Nc5 Kd6 56. Ne4+ Ke7 57. Nf2 Kd7 58. Ne4 Kc6 59.
Nc5 Ne3+ 60. Kxb4 Nf5 61. Nxe6 Nxg3 62. Nf8 Nh5 63. Nxh7 f5 64. Nf8 Nxf4 65.
Kc4 Kd6 66. Kd4 Ne6+ 67. Nxe6 Kxe6 68. Ke3 Ke5 69. Kf3 f4 70. Ke2 Ke4 71. Ke1
Kf3 0-1

[Event "Open B Gorges"]
[Site "?"]
[Date "2018.07.07"]
[Round "2"]
[White "KERVADEC, Jean"]
[Black "BOURDEAUX, Angèle"]
[Result "0-1"]
[WhiteElo "1502"]
[BlackElo "1515"]
[PlyCount "48"]

1. d4 Nf6 2. c4 g6 3. Nf3 Bg7 4. g3 d6 5. Bg2 O-O 6. O-O Nbd7 7. Nc3 c6 8. e4
e5 9. Bg5 Qb6 10. dxe5 dxe5 11. Rb1 a5 12. Be3 Qc7 13. Na4 Nxe4 14. Qb3 Rb8 15.
Nb6 Ndc5 16. Qa3 Qxb6 17. b4 axb4 18. Rxb4 Qc7 19. Ne1 Qd6 20. f3 Na6 21. Ra4
Qxa3 22. Rxa3 Nd6 23. Nd3 Nxc4 24. Ba7 Nxa3 0-1

[Event "Open B Gorges"]
[Site "?"]
[Date "2018.07.07"]
[Round "2"]
[White "NICOLAS, Aurore"]
[Black "ALLARD-NEDELLEC, Guilhem"]
[Result "1-0"]
[WhiteElo "1394"]
[BlackElo "1468"]
[PlyCount "27"]
[SourceDate "2018.07.22"]

1. e4 e5 2. Nf3 Nc6 3. Bc4 Bc5 4. b4 Bxb4 5. c3 Ba5 6. O-O d6 7. d4 exd4 8.
cxd4 h6 9. Qb3 Qe7 10. Ba3 Qf6 11. e5 dxe5 12. Nxe5 Nge7 13. Bxf7+ Kf8 14. Ng6+
1-0

[Event "Open B Gorges"]
[Site "?"]
[Date "2018.07.07"]
[Round "2"]
[White "BRECHETEAU, Paul"]
[Black "KOLLAR, Guillaume"]
[Result "0-1"]
[WhiteElo "1662"]
[BlackElo "1493"]
[PlyCount "84"]

1. e4 c5 2. Nc3 g6 3. g3 Bg7 4. Nge2 Nc6 5. Bg2 Nf6 6. d3 O-O 7. f4 d6 8. O-O
e6 9. h3 d5 10. g4 dxe4 11. Nxe4 Nxe4 12. Bxe4 Nd4 13. Ng3 f5 14. Bg2 Qb6 15.
c3 Rb8 16. cxd4 Bxd4+ 17. Kh1 Bd7 18. Rb1 Bc6 19. Bxc6 Qxc6+ 20. Qf3 Qa4 21.
Be3 Bxe3 22. Qxe3 Qc6+ 23. Kh2 Rbe8 24. g5 Qd5 25. a3 e5 26. fxe5 Rxe5 27. Qf3
Qd6 28. Rfe1 Rfe8 29. Rxe5 Rxe5 30. Qf4 Qe7 31. h4 b6 32. h5 Rd5 33. h6 Rd4 34.
Qd2 Rh4+ 35. Kg1 Rg4 36. Qf2 Qxg5 37. Kg2 f4 38. Rg1 Rxg3+ 39. Kf1 Rxg1+ 40.
Qxg1 Qxg1+ 41. Kxg1 Kf7 42. Kf2 g5 0-1

[Event "Open B Gorges"]
[Site "?"]
[Date "2018.07.07"]
[Round "2"]
[White "LEBEDEL, Marc"]
[Black "BIENFAIT, Georges"]
[Result "1-0"]
[WhiteElo "1464"]
[BlackElo "1409"]
[PlyCount "65"]
[SourceDate "2018.07.22"]

1. e4 c5 2. Nf3 Nc6 3. d4 cxd4 4. Nxd4 Nf6 5. Nc3 e5 6. Ndb5 d6 7. Bg5 a6 8.
Na3 b5 9. Nd5 Be7 10. Nxe7 Qxe7 11. c4 b4 12. Qa4 Bd7 13. Nb5 O-O 14. Nc7 Nd4
15. Qd1 Ra7 16. Nd5 Qe6 17. Nxf6+ gxf6 18. Be3 Bc6 19. Bxd4 exd4 20. f3 Qe5 21.
Bd3 d5 22. cxd5 Bxd5 23. Qe2 Bb7 24. Rc1 Qa5 25. b3 Rc8 26. O-O Qb6 27. f4 Re8
28. e5 f5 29. Bxf5 d3+ 30. Qf2 Qxf2+ 31. Rxf2 Rd8 32. Rd2 Bc6 33. Rxc6 1-0

[Event "Open B Gorges"]
[Site "?"]
[Date "2018.07.07"]
[Round "2"]
[White "MARTINI, Lionel"]
[Black "BOUCHER, Daniel"]
[Result "1-0"]
[WhiteElo "1403"]
[BlackElo "1437"]
[PlyCount "86"]

1. c4 g6 2. Nc3 c6 3. g3 Bg7 4. Bg2 Nf6 5. Nf3 d6 6. O-O O-O 7. d4 Be6 8. d5
cxd5 9. Ng5 Qa5 10. Nxe6 fxe6 11. cxd5 e5 12. Qb3 Qc7 13. Be3 Nbd7 14. Rac1 Qb8
15. Nb5 Rc8 16. Bxa7 Rxa7 17. Rxc8+ Qxc8 18. Nxa7 Qa8 19. Nb5 Qa5 20. Nc3 Qa7
21. Rc1 Nc5 22. Qb5 b6 23. b4 Ncd7 24. a4 g5 25. Ra1 Qc7 26. Qd3 e4 27. Qd2 Ne5
28. Nb5 Qb7 29. Rc1 Qxd5 30. Rc8+ Kf7 31. Rc2 Qb3 32. Nc7 Qxa4 33. Nd5 Ned7 34.
Nxf6 Nxf6 35. Ra2 Qc6 36. Ra1 d5 37. Qxg5 h6 38. Qf4 Kg6 39. Bh3 e6 40. Qc1 Qd6
41. Rb1 h5 42. b5 Bh6 43. Qc6 Ne8 1-0

[Event "Open B Gorges"]
[Site "?"]
[Date "2018.07.07"]
[Round "?"]
[White "JOUSSET, Jean-Michel"]
[Black "DE LAVALETTE, Philippe"]
[Result "1-0"]
[WhiteElo "1435"]
[BlackElo "1400"]
[PlyCount "70"]

1. d4 d5 2. Nf3 Nc6 3. Bf4 h6 4. e3 a6 5. Nbd2 Bg4 6. c3 Nf6 7. Qa4 b5 8. Qc2
Nh5 9. Bg3 e6 10. Be2 Nxg3 11. hxg3 Be7 12. O-O-O Rc8 13. Bd3 Bf6 14. a3 Ne7
15. Nb3 Qd6 16. Rde1 Bxf3 17. gxf3 Nc6 18. e4 Be7 19. Nc5 Na5 20. Rh5 Qb6 21.
exd5 exd5 22. Rxd5 Qc6 23. Rde5 Qd6 24. Bf5 Rd8 25. Qe4 Nc6 26. Nb7 Qf6 27.
Nxd8 Kxd8 28. Qd5+ Qd6 29. Qe4 Ke8 30. Rxe7+ Nxe7 31. Qa8+ Qd8 32. Qxa6 c6 33.
Qxc6+ Kf8 34. Qxb5 g6 35. Qe5 Nxf5 1-0

[Event "Open B Gorges"]
[Site "?"]
[Date "2018.07.07"]
[Round "3"]
[White "RINEAU, Nathan"]
[Black "BOURDEAUX, Angèle"]
[Result "1/2-1/2"]
[WhiteElo "1635"]
[BlackElo "1515"]
[PlyCount "63"]
[SourceDate "2018.07.22"]

1. c4 Nf6 2. Nf3 g6 3. Nc3 Bg7 4. e4 d6 5. d4 c6 6. Be2 O-O 7. O-O Nbd7 8. Ne1
e5 9. d5 Nc5 10. f3 a5 11. Be3 cxd5 12. cxd5 Ne8 13. Nd3 b6 14. a3 f5 15. b4
Nxd3 16. Bxd3 fxe4 17. fxe4 Nf6 18. bxa5 bxa5 19. Qb3 Bd7 20. Rab1 Ng4 21. Bb6
Rxf1+ 22. Bxf1 Qg5 23. Nd1 Rf8 24. Nf2 Nxf2 25. Bxf2 Qf4 26. Qe3 Qxe3 27. Bxe3
Rc8 28. Bd2 a4 29. Bb4 Bf8 30. Bd3 Kf7 31. Kf2 Ke7 32. Ke2 1/2-1/2

[Event "Open B Gorges"]
[Site "?"]
[Date "2018.07.07"]
[Round "3"]
[White "LE BAUT, Daniel"]
[Black "NICOLAS, Aurore"]
[Result "1/2-1/2"]
[WhiteElo "1509"]
[BlackElo "1394"]
[PlyCount "83"]
[EventDate "2018.??.??"]

1. e4 c5 2. Nf3 d6 3. d4 cxd4 4. Nxd4 Nf6 5. Nc3 a6 6. Be2 e5 7. Nf3 Be7 8. O-O
O-O 9. Be3 Be6 10. Qd2 Nbd7 11. Ng5 Nb6 12. Nxe6 fxe6 13. f4 exf4 14. Bxf4 d5
15. exd5 exd5 16. Be3 Qc7 17. Bd4 Rad8 18. Rae1 Nc4 19. Qc1 b5 20. Bf3 Bd6 21.
g3 Bc5 22. Bxc5 Qxc5+ 23. Kh1 b4 24. Na4 Qd6 25. b3 Ne5 26. Qd2 Nxf3 27. Rxf3
Ne4 28. Rxf8+ Qxf8 29. Qe2 Re8 30. Kg2 Qd6 31. Qd3 Re5 32. Nb2 Qc6 33. Rd1 d4
34. Kg1 Qf6 35. Qc4+ Re6 36. Qxd4 Qxd4+ 37. Rxd4 Nc3 38. Rxb4 Nxa2 39. Ra4 Nc3
40. Rc4 Nd5 41. Nd3 Ne3 42. Rc8+ 1/2-1/2

[Event "Open B Gorges"]
[Site "?"]
[Date "2018.07.07"]
[Round "3"]
[White "KOLLAR, Guillaume"]
[Black "FACHE, Jacques"]
[Result "0-1"]
[WhiteElo "1493"]
[BlackElo "1568"]
[PlyCount "122"]
[SourceDate "2018.07.22"]

1. e4 Nf6 2. e5 Nd5 3. Nf3 d6 4. exd6 cxd6 5. Bb5+ Nc6 6. O-O a6 7. Ba4 g6 8.
c3 Bg7 9. d4 O-O 10. h3 b5 11. Bb3 Nb6 12. Re1 d5 13. Nbd2 Bb7 14. Nf1 Na5 15.
Bc2 Nac4 16. Ne3 Qc7 17. Nxc4 dxc4 18. Be4 Nd5 19. Bg5 Rfe8 20. Qd2 e6 21. Bxd5
Bxd5 22. Bf4 Qb7 23. Nh4 Rad8 24. Bh6 Qe7 25. Bxg7 Kxg7 26. g3 Qd7 27. Kh2 Qb7
28. Rg1 h6 29. f4 Be4 30. Qe3 Bd3 31. Nf3 b4 32. Ne1 bxc3 33. Nxd3 cxd3 34. b3
Qd5 35. Qxd3 Qxd4 36. Qxa6 c2 37. Qe2 Qc3 38. Qe5+ Qxe5 39. fxe5 Rd2+ 40. Rg2
Red8 41. Rc1 Rxg2+ 42. Kxg2 Rd2+ 43. Kf3 Kf8 44. Ke3 Rh2 45. h4 Ke7 46. Kd3 Rg2
47. Rxc2 Rxg3+ 48. Kd2 Kd7 49. a4 Rg4 50. Rc4 Rxc4 51. bxc4 Kc6 52. Kd3 Kc5 53.
a5 Kc6 54. Kd4 h5 55. c5 Kb5 56. c6 Kxc6 57. a6 Kb6 58. a7 Kxa7 59. Kc5 g5 60.
hxg5 h4 61. Kd6 h3 0-1

[Event "Open B Gorges"]
[Site "?"]
[Date "2018.07.07"]
[Round "3"]
[White "LEBEDEL, Marc"]
[Black "LE LOARER, Hervé"]
[Result "0-1"]
[WhiteElo "1464"]
[BlackElo "1511"]
[PlyCount "62"]

1. d4 d5 2. c4 e5 3. dxe5 d4 4. g3 Nc6 5. Bg2 Be6 6. Nd2 Nge7 7. Ngf3 Ng6 8.
O-O Be7 9. b3 Qd7 10. Bb2 h5 11. Ne4 O-O-O 12. Nfg5 Bxg5 13. Nxg5 h4 14. Nxe6
Qxe6 15. Bd5 Qxe5 16. Bxc6 bxc6 17. Qc2 hxg3 18. fxg3 Qe3+ 19. Kg2 Ne5 20. Qf5+
Kb7 21. Qf2 Ng4 22. Qxe3 Nxe3+ 23. Kg1 Nxf1 24. Rxf1 f6 25. c5 d3 26. exd3 Rxd3
27. Rf2 Rhd8 28. h4 Rxg3+ 29. Kh2 Rdd3 30. Rg2 Rxg2+ 31. Kxg2 Rd2+ 0-1

[Event "Open B Gorges"]
[Site "?"]
[Date "2018.07.07"]
[Round "3"]
[White "JOUSSET, Jean-Michel"]
[Black "KERVADEC, Jean"]
[Result "1-0"]
[WhiteElo "1435"]
[BlackElo "1502"]
[PlyCount "145"]

1. d4 Nf6 2. Nf3 g6 3. Bf4 d6 4. e3 Bg7 5. c3 Nh5 6. Bg5 Nf6 7. Nbd2 O-O 8. Bd3
Nc6 9. O-O e5 10. Qc2 b6 11. Bb5 Bb7 12. Qa4 Ne7 13. Rfd1 a6 14. Be2 e4 15. Ne1
b5 16. Qc2 d5 17. Nb3 h6 18. Bf4 Nd7 19. a4 c6 20. Bd6 Nb6 21. Bxe7 Qxe7 22.
Nc5 Bc8 23. axb5 cxb5 24. Bxb5 Nd7 25. Bc6 Ra7 26. Bxd7 Bxd7 27. Qb3 Bg4 28.
Rdc1 Qd6 29. Ra5 Rb8 30. Qa2 Be2 31. Ra1 Bf6 32. Nc2 Bd8 33. Ra3 Bc7 34. g3 Qf6
35. Qxd5 Rxb2 36. R3a2 Rb6 37. Nd7 Qe6 38. Qxe6 Rxe6 39. Nc5 Rc6 40. Nb4 Rxc5
41. dxc5 Bc4 42. Rd2 Be5 43. Ra3 a5 44. Nc6 Rb7 45. Rd1 Bf6 46. Nxa5 Be2 47.
Nxb7 Bxd1 48. c6 Be5 49. Ra8+ Kg7 50. Nc5 Bg4 51. Nxe4 Bf3 52. Ra4 f5 53. Ra7+
Kf8 54. c7 Bxc7 55. Rxc7 Bxe4 56. c4 Ke8 57. c5 Kd8 58. Rg7 h5 59. Kf1 Ke8 60.
Ke1 Kf8 61. Ra7 Bc6 62. h4 Ke8 63. Kd2 Bf3 64. Kc3 Kd8 65. Kd4 Bc6 66. Ke5 Ke8
67. Kf6 Be4 68. Ke6 Kd8 69. Kd6 Kc8 70. Rg7 Kb8 71. c6 f4 72. exf4 g5 73. hxg5
1-0

[Event "Open B Gorges"]
[Site "?"]
[Date "2018.07.07"]
[Round "3"]
[White "ALLARD-NEDELLEC, Guilhem"]
[Black "MARTINI, Lionel"]
[Result "1-0"]
[WhiteElo "1468"]
[BlackElo "1403"]
[PlyCount "89"]
[SourceDate "2018.07.22"]

1. e4 e6 2. d4 d5 3. e5 c5 4. c3 Qb6 5. a3 Bd7 6. Nf3 Nc6 7. b4 cxd4 8. cxd4
Nge7 9. Be2 Nf5 10. Bb2 Na5 11. Nbd2 Nc6 12. Nb3 Nxb4 13. axb4 Qxb4+ 14. Nfd2
a5 15. Ba3 Qb6 16. Bxf8 Rxf8 17. Nc5 Nxd4 18. Nxd7 Kxd7 19. Qa4+ Nc6 20. Rb1
Qa7 21. O-O f6 22. exf6 Rxf6 23. Nf3 h6 24. Bb5 Ke7 25. Bxc6 bxc6 26. Qxc6 Rb8
27. Rxb8 Qxb8 28. Qc5+ Qd6 29. Qxa5 Kf7 30. Qa7+ Kg6 31. Rb1 Qf4 32. Qd4 Qd6
33. Ne5+ Kh7 34. Qd3+ Kg8 35. Nf3 Rf5 36. Nd4 Rh5 37. Qg3 Qe7 38. Qg4 Re5 39.
Nc6 Qg5 40. Nxe5 Qxe5 41. Qg3 Qe2 42. Qe3 Qc2 43. Qxe6+ Kh7 44. Re1 d4 45. Qe4+
1-0

[Event "Open B Gorges"]
[Site "?"]
[Date "2018.07.07"]
[Round "3"]
[White "BIENFAIT, Georges"]
[Black "BRECHETEAU, Paul"]
[Result "0-1"]
[WhiteElo "1409"]
[BlackElo "1662"]
[PlyCount "100"]

1. e4 c6 2. d4 d5 3. e5 Bf5 4. Bd3 Bxd3 5. Qxd3 e6 6. Nf3 Ne7 7. O-O Nd7 8.
Nbd2 Nf5 9. Re1 Qb6 10. Nb3 c5 11. dxc5 Nxc5 12. Nxc5 Bxc5 13. Qd2 O-O 14. c3
Rfd8 15. b4 Be7 16. a3 Rac8 17. Nd4 Nxd4 18. cxd4 Rc4 19. Bb2 Rdc8 20. Rac1 Qb5
21. Rxc4 Rxc4 22. Rc1 Bd8 23. Rxc4 Qxc4 24. Qc3 Qxc3 25. Bxc3 b5 26. Kf1 h5 27.
f4 Kh7 28. g3 Kg6 29. Kf2 Kf5 30. Kf3 g5 31. Bd2 g4+ 32. Ke3 h4 33. Be1 Kg6 34.
Bd2 f6 35. Bc3 fxe5 36. fxe5 Bg5+ 37. Kf2 Kf5 38. Ke2 Ke4 39. gxh4 Bxh4 40. Bd2
Kxd4 41. Be3+ Kxe5 42. Bxa7 Be7 43. Kd3 Kf4 44. Bf2 e5 45. Bc5 e4+ 46. Kd4
Bxc5+ 47. bxc5 e3 48. Kd3 Kf3 49. c6 e2 50. c7 e1=Q 0-1

[Event "Open B Gorges"]
[Site "?"]
[Date "2018.07.07"]
[Round "3"]
[White "BOUCHER, Daniel"]
[Black "DE LAVALETTE, Philippe"]
[Result "0-1"]
[WhiteElo "1437"]
[BlackElo "1400"]
[PlyCount "156"]

1. e4 e5 2. Nf3 Nc6 3. Bc4 h6 4. a3 Bc5 5. b4 Bd6 6. Bb2 a6 7. d4 exd4 8. Nxd4
Ne5 9. Bb3 Nf6 10. Nf3 Qe7 11. Nbd2 O-O 12. O-O b5 13. Nd4 Qd8 14. f4 Ng6 15.
e5 Nxe5 16. fxe5 Bxe5 17. N2f3 Qe7 18. Re1 Bxd4+ 19. Bxd4 Qd8 20. Bxf6 Qxf6 21.
Qd5 c6 22. Qe5 d5 23. Qxf6 gxf6 24. Re7 Be6 25. Nd4 Rfe8 26. Rxe8+ Rxe8 27. Re1
Bd7 28. Rxe8+ Bxe8 29. a4 Bd7 30. c3 Kf8 31. h3 Kg7 32. axb5 axb5 33. Bc2 Kf8
34. g4 Kg7 35. Kf2 Kf8 36. Bf5 Ke7 37. Kg3 Be8 38. h4 Kd6 39. Kf4 c5 40. Nxb5+
Bxb5 41. bxc5+ Kxc5 42. Ke3 Kc4 43. Kd2 Bc6 44. Bd3+ Kc5 45. Bf5 Kd6 46. Kd3
Ke5 47. Ke3 Bb5 48. Bc8 Bc4 49. Bd7 Kd6 50. Bf5 Ke5 51. Bh7 Ba2 52. Bg8 Ke6 53.
Bh7 Ke5 54. Bf5 Bc4 55. Bd7 Ba2 56. Bf5 Bb3 57. Bd3 Bd1 58. Bf5 Ba4 59. Bd3 Bd7
60. Kf3 f5 61. gxf5 Bxf5 62. Bb5 h5 63. Bc6 Bg4+ 64. Ke3 f5 65. Bb5 f4+ 66. Kd2
Ke4 67. c4 dxc4 68. Bxc4 Kf3 69. Bd5+ Kg3 70. Ke1 f3 71. Kf1 Bh3+ 72. Ke1 Bg2
73. Bc4 Kxh4 74. Kf2 Kg4 75. Be6+ Kf4 76. Bd5 h4 77. Kg1 Kg3 78. Bxf3 Bxf3 0-1

[Event "Open B Gorges"]
[Site "?"]
[Date "2018.07.08"]
[Round "4"]
[White "BOURDEAUX, Angèle"]
[Black "LE BAUT, Daniel"]
[Result "1/2-1/2"]
[WhiteElo "1515"]
[BlackElo "1509"]
[PlyCount "63"]
[SourceDate "2018.07.23"]

1. e4 c5 2. Nf3 e6 3. Qe2 Nc6 4. d3 d6 5. g3 Nf6 6. Bg2 Be7 7. c3 O-O 8. O-O
Qc7 9. Ne1 Re8 10. f4 b6 11. Nd2 Bb7 12. g4 Rad8 13. g5 Nd7 14. h4 Bf8 15. Qg4
Bc8 16. h5 Ndb8 17. Ndf3 d5 18. e5 d4 19. c4 Ne7 20. Nh4 Nbc6 21. Be4 Kh8 22.
Kf2 Ng8 23. Rh1 a6 24. Nef3 b5 25. b3 bxc4 26. bxc4 Nb4 27. Ne1 a5 28. a3 Nc6
29. Rb1 Bd7 30. Bd2 Rb8 31. Nc2 a4 32. Ke2 1/2-1/2

[Event "Open B Gorges"]
[Site "?"]
[Date "2018.07.08"]
[Round "4"]
[White "FACHE, Jacques"]
[Black "RINEAU, Nathan"]
[Result "0-1"]
[WhiteElo "1568"]
[BlackElo "1635"]
[PlyCount "114"]

1. e4 c6 2. Nf3 d5 3. Nc3 dxe4 4. Nxe4 Bg4 5. Bc4 e6 6. h3 Bxf3 7. Qxf3 Nd7 8.
d4 Ngf6 9. Bg5 Qa5+ 10. Bd2 Qb6 11. Bc3 Nxe4 12. Qxe4 Bb4 13. Qf3 Qxd4 14. Bxb4
Qxc4 15. Bc3 O-O 16. b3 Qd5 17. Qe3 Rfd8 18. O-O Qf5 19. Rac1 Nf6 20. Bb2 Rd7
21. c4 Rd3 22. Qe2 Rad8 23. Rcd1 Qe4 24. Rxd3 Qxd3 25. Qe5 h6 26. Qc7 Qd7 27.
Qg3 Qe7 28. Be5 Nh5 29. Qe3 Qg5 30. f4 Qg6 31. Qxa7 Rd3 32. Qf2 Rxh3 33. Rd1
Rd3 34. Rxd3 Qxd3 35. g4 Qd1+ 36. Kh2 Qxg4 37. b4 Qf5 38. Qf3 f6 39. Bc7 e5 40.
b5 cxb5 41. cxb5 Qxf4+ 42. Qxf4 Nxf4 43. a4 Nd5 44. b6 Kf7 45. a5 Ke7 46. a6
Nxb6 47. a7 Na8 48. Ba5 Ke6 49. Bd2 Kd5 50. Kg3 Ke4 51. Kh3 Kd3 52. Bb4 e4 53.
Kg4 e3 54. Kf3 h5 55. Bc5 e2 56. Kf2 Kd2 57. Bb4+ Kd1 0-1

[Event "Open B Gorges"]
[Site "?"]
[Date "2018.07.08"]
[Round "4"]
[White "LE LOARER, Hervé"]
[Black "ALLARD-NEDELLEC, Guilhem"]
[Result "0-1"]
[WhiteElo "1511"]
[BlackElo "1468"]
[PlyCount "78"]
[SourceDate "2018.07.23"]

1. d4 d5 2. c4 dxc4 3. e4 e5 4. d5 c6 5. Bxc4 Nf6 6. Nc3 Bc5 7. Nf3 cxd5 8.
exd5 e4 9. Qe2 O-O 10. Ng5 Bg4 11. Qc2 Bf5 12. O-O Qe7 13. Be3 Nbd7 14. Bxc5
Qxc5 15. Ncxe4 Nxe4 16. Nxe4 Qd4 17. Bd3 Rac8 18. Qe2 Rfe8 19. Rfe1 Nc5 20.
Nf6+ gxf6 21. Qxe8+ Rxe8 22. Rxe8+ Kg7 23. Bxf5 Qxd5 24. Bg4 Qd2 25. Re2 Qb4
26. Bf3 a5 27. h3 Ne6 28. Bg4 Qd6 29. Rae1 Nc5 30. Re3 Qd4 31. R1e2 b5 32. Rg3
Kf8 33. Rge3 Kg7 34. Bh5 f5 35. Re7 Qd1+ 36. Kh2 Kh6 37. Bxf7 Ne4 38. Re3 Qd6+
39. Re5 Qxe5+ 0-1

[Event "Open B Gorges"]
[Site "?"]
[Date "2018.07.08"]
[Round "4"]
[White "NICOLAS, Aurore"]
[Black "JOUSSET, Jean-Michel"]
[Result "0-1"]
[WhiteElo "1394"]
[BlackElo "1435"]
[PlyCount "68"]

1. e4 d6 2. d4 Nf6 3. Nc3 g6 4. Bd3 Bg7 5. Be3 c6 6. Nf3 b5 7. b4 Na6 8. a3 Nc7
9. O-O Bg4 10. Be2 O-O 11. Qd2 a5 12. e5 dxe5 13. dxe5 Qxd2 14. Bxd2 Nd7 15.
Bf4 Ne6 16. Bg3 Rfc8 17. Rfd1 Nb6 18. h3 Bxf3 19. Bxf3 Nc4 20. Re1 axb4 21.
axb4 Rxa1 22. Rxa1 Nxe5 23. Ra3 Nxf3+ 24. gxf3 Nd4 25. Ne4 Nxc2 26. Rb3 Nd4 27.
Re3 Nf5 28. Re2 Rd8 29. Nc5 Rd4 30. Na6 Rd3 31. Kg2 Bh6 32. Rc2 Nd4 33. Rc5 Bf8
34. Be5 Nxf3 0-1